000 00613nam a2200217Ia 4500
003 OSt
005 20220923220623.0
006 a|||||r|||| 00| 0
007 ta
008 220922b |||||||| |||| 00| 0 hin d
024 _a187,987
037 _cTextual
040 _aARTS
_cARTS
_bhin
041 _2hin
_ahin
082 _aV252:221jM90, 152J0
245 0 _aसम्पूर्णानन्द अभिनन्दन गं्रथ
246 _aSampūrṇānanda abhinandan ganratha
260 _c1950
942 _hV252:221jM90, 152J0
_cTEXL
_2CC
999 _c341063
_d341063